Colón y Bobadilla : (Record no. 167460)

MARC details
000 -LEADER
campo de control de longitud fija 00911nam a2200229 i 4500
001 - NÚMERO DE CONTROL
campo de control 167460
003 - IDENTIFICADOR DE NÚMERO DE CONTROL
campo de control ES-MaACL
005 - FECHA Y HORA DE LA ÚLTIMA TRANSACCIÓN
campo de control 20231206063251.0
008 - DATOS DE LONGITUD FIJA--INFORMACIÓN GENERAL
campo de control de longitud fija 931025s1892 sp |||| |dspa d
080 ## - NÚMERO DE LA CLASIFICACIÓN DECIMAL UNIVERSAL
Número de la Clasificación Decimal Universal 929 Colón, Cristóbal
080 ## - NÚMERO DE LA CLASIFICACIÓN DECIMAL UNIVERSAL
Número de la Clasificación Decimal Universal 929 Bobadilla, Francisco de
100 1# - ENTRADA PRINCIPAL--NOMBRE DE PERSONA
Nombre de persona Vidart, Luis,
Fechas asociadas al nombre 1833-1897
9 (RLIN) 114538
245 10 - MENCIÓN DEL TÍTULO
Título Colón y Bobadilla :
Resto del título una polémica y un boceto dramático /
Mención de responsabilidad, etc. por Luis Vidart.
260 ## - PUBLICACIÓN, DISTRIBUCIÓN, ETC.
Lugar de publicación, distribución, etc. Madrid :
Nombre del editor, distribuidor, etc. [s.n.],
Fecha de publicación, distribución, etc. 1892 (
Fabricante Tip. de Manuel Ginés Hernández)
300 ## - DESCRIPCIÓN FÍSICA
Extensión 30 p. ;
Dimensiones 21 cm.
530 ## - NOTA DISPONIBLE DE FORMULARIO FÍSICO ADICIONAL
Nota de formato físico adicional disponible Disponible en formato digital.
600 14 - PUNTO DE ACCESO ADICIONAL DE MATERIA--NOMBRE DE PERSONA
Nombre de persona Colón, Cristóbal.
9 (RLIN) 39869
600 14 - PUNTO DE ACCESO ADICIONAL DE MATERIA--NOMBRE DE PERSONA
Nombre de persona Bobadilla, Francisco de.
9 (RLIN) 154690
852 ## - LOCALIZACIÓN
Ubicación ES-MaACL
Número de control de estantería T-555-F-10
Nota libre - Enc. hol., conservando la enc. original
-- - Enc. en un vol. facticio
856 ## - LOCALIZACIÓN Y ACCESO ELECTRÓNICOS
Identificador Uniforme de Recursos <a href="http://bdh-rd.bne.es/viewer.vm?id=0000046588&page=1 ">http://bdh-rd.bne.es/viewer.vm?id=0000046588&page=1 </a>
Nota pública Biblioteca Digital Hispánica
Holdings
Estatus retirado Estado de pérdida Estado de daño No para préstamo Colección Biblioteca de origen Biblioteca actual Ubicación en estantería Fecha de adquisición Total de préstamos Signatura topográfica completa Código de barras Visto por última vez Precio de reemplazo Tipo de ítem Koha
        Colección de folletos Biblioteca del Ateneo de Madrid Biblioteca del Ateneo de Madrid Depósito folletos 17/01/2008   T-555-F-10 1175675 23/02/2023 23/02/2023 Folleto